The civil service of Malaysia : building It culture (improvement and development in the civil service of Malaysia 1997)

Bibliographic Details
Corporate Author: Malaysian Administrative Modernisation and Management Planning Unit(MAMPU)
Format: Book
Published: Kuala Lumpur : MAMPU , 1997
Subjects:

MARC

LEADER 00000cam a2200000 7i4500
001 0000026202
005 20150622.0
020 |a 9839827073 
040 |a INS 
090 0 0 |a JQ1062.A67.A5615   |b C58 1997 
245 1 4 |a The civil service of Malaysia :   |b building It culture (improvement and development in the civil service of Malaysia 1997) 
260 |a Kuala Lumpur :   |b MAMPU ,   |c 1997 
300 |a xv, 229p.\bill. (some col.) ;   |c 21cm. 
650 0 0 |a Civil service reform   |z Malaysia 
650 0 0 |a Civil service   |z Malaysia 
650 0 0 |a Information technology   |z Malaysia 
710 2 |a Malaysian Administrative Modernisation and Management Planning Unit(MAMPU) 
999 |a 0000021849   |b BOOK   |c Open Shelf   |e Default branch